<?xml version="1.0" encoding="UTF-8"?><?xml-stylesheet type="text/xsl" href="static/style.xsl"?><OAI-PMH xmlns="http://www.openarchives.org/OAI/2.0/" xmlns:xsi="http://www.w3.org/2001/XMLSchema-instance" xsi:schemaLocation="http://www.openarchives.org/OAI/2.0/ http://www.openarchives.org/OAI/2.0/OAI-PMH.xsd"><responseDate>2026-04-29T05:37:38Z</responseDate><request verb="GetRecord" identifier="oai:repisalud.isciii.es:20.500.12105/12956" metadataPrefix="marc">https://repisalud.isciii.es/rest/oai/request</request><GetRecord><record><header><identifier>oai:repisalud.isciii.es:20.500.12105/12956</identifier><datestamp>2025-06-19T18:05:40Z</datestamp><setSpec>com_20.500.12105_2052</setSpec><setSpec>com_20.500.12105_2051</setSpec><setSpec>col_20.500.12105_19613</setSpec></header><metadata><record xmlns="http://www.loc.gov/MARC21/slim" xmlns:dcterms="http://purl.org/dc/terms/" xmlns:doc="http://www.lyncode.com/xoai" xmlns:xsi="http://www.w3.org/2001/XMLSchema-instance" xsi:schemaLocation="http://www.loc.gov/MARC21/slim http://www.loc.gov/standards/marcxml/schema/MARC21slim.xsd">
   <leader>00925njm 22002777a 4500</leader>
   <datafield ind2=" " ind1=" " tag="042">
      <subfield code="a">dc</subfield>
   </datafield>
   <datafield ind2=" " ind1=" " tag="720">
      <subfield code="a">Infante, Alberto</subfield>
      <subfield code="e">author</subfield>
   </datafield>
   <datafield ind2=" " ind1=" " tag="260">
      <subfield code="c">2011-06</subfield>
   </datafield>
   <datafield ind2=" " ind1=" " tag="520">
      <subfield code="a">[ES] El propósito de este artículo es discutir de qué modo el denominado "nuevo profesionalismo" puede ayudar a que la educación de los médicos se haga teniendo en cuenta los efectos de la globalización tanto sobre la situación de salud como sobre las necesidades de profesionales sanitarios, con particular énfasis en los países de la Unión Europea los cuales están inmersos en un profundo proceso de reforma de sus enseñanzas universitarias. Para ello, en primer lugar se presentan los conceptos básicos del "nuevo profesionalismo" y de las estrategias fundamentales de la educación médica actual que trata de formar médicos capaces de afrontar los retos éticos, científicos y profesionales que se plantean a comienzos del presente siglo. A continuación, se insiste en la interdependencia de las reformas del pregrado, del posgrado y de la formación continuada. Se plantean luego los retos y dificultades que han de afrontarse a la hora de cambiar las distintas etapas de la educación médica. Y se concluye que, pese a lo reciente de las reformas de la educación médica, a su gran complejidad, y a la todavía escasa disponibilidad de evaluaciones contrastadas sobre sus resultados, existen fuertes sinergias entre los principios y valores del "nuevo profesionalismo" y los objetivos de las reformas. [EN] The scope of this paper is to discuss how so-called "new professionalism" can help in how the education of physicians is conducted, by taking into account the effects of globalization both on the situation of health and on the needs of health professionals with particular emphasis on European Union countries, which are engaged in a profound process of reform in university education. To achieve this, first we present the basic concepts of "new professionalism" and the key strategies of current medical education, which is to train physicians capable of dealing with ethical, scientific and professional challenges that are arising at the beginning of this century. The interdependence of reforms in the undergraduate, graduate and ongoing training areas is then emphasized. The challenges and difficulties to be faced when switching to different stages of medical education are then outlined. It was concluded that, notwithstanding recent reforms in medical education, their great complexity and the still limited availability of contrasting assessments of their results, there are strong synergies between the principles and values of the "new professionalism" and the objectives of the reforms.</subfield>
   </datafield>
   <datafield ind1="8" ind2=" " tag="024">
      <subfield code="a">Cien Saude Colet. 2011 Jun;16(6):2725-32.</subfield>
   </datafield>
   <datafield ind1="8" ind2=" " tag="024">
      <subfield code="a">http://hdl.handle.net/20.500.12105/12956</subfield>
   </datafield>
   <datafield ind1="8" ind2=" " tag="024">
      <subfield code="a">21709970</subfield>
   </datafield>
   <datafield ind1="8" ind2=" " tag="024">
      <subfield code="a">10.1590/s1413-81232011000600011</subfield>
   </datafield>
   <datafield ind1="8" ind2=" " tag="024">
      <subfield code="a">1678-4561</subfield>
   </datafield>
   <datafield ind1="8" ind2=" " tag="024">
      <subfield code="a">Ciencia &amp; Saude Coletiva</subfield>
   </datafield>
   <datafield tag="653" ind2=" " ind1=" ">
      <subfield code="a">Profesionalismo</subfield>
   </datafield>
   <datafield tag="653" ind2=" " ind1=" ">
      <subfield code="a">Educación médica</subfield>
   </datafield>
   <datafield tag="653" ind2=" " ind1=" ">
      <subfield code="a">Sistemas de salud</subfield>
   </datafield>
   <datafield tag="653" ind2=" " ind1=" ">
      <subfield code="a">Professionalism</subfield>
   </datafield>
   <datafield tag="653" ind2=" " ind1=" ">
      <subfield code="a">Medical education</subfield>
   </datafield>
   <datafield tag="653" ind2=" " ind1=" ">
      <subfield code="a">Healthcare systems</subfield>
   </datafield>
   <datafield ind2="0" ind1="0" tag="245">
      <subfield code="a">Nuevo profesionalismo, educación médica y sistemas de salud</subfield>
   </datafield>
</record></metadata></record></GetRecord></OAI-PMH>